| 000 | 00991nam a22003137a 4500 | ||
|---|---|---|---|
| 003 | CHAP | ||
| 005 | 20220329143937.0 | ||
| 008 | 121025d2005 enka r 00010 eng d | ||
| 010 | _a104083 | ||
| 011 | _a105055 | ||
| 020 | _a9781842652497 | ||
| 035 | _a115747 | ||
| 040 | _cCHAP | ||
| 082 | 0 | 4 |
_a530.12 _bL18 2005 |
| 100 | 1 |
_aLahiri, Amitabha _964473 |
|
| 245 | 1 | 2 |
_aA first book of quantum fiel theory _c/por Amitabha Lahiri y Palash B. Pal |
| 250 | _a2 ed. | ||
| 260 |
_aOxford : _bAlpha science international Ltd, _c2005 |
||
| 300 | _axvii, 380 p. | ||
| 590 |
_aBATCH-UPD _b10 _c20130110 _lUCH01 _h0426 |
||
| 590 |
_aBATCH-UPD _b10 _c20130409 _lUCH01 _h2337 |
||
| 590 |
_aBATCH-UPD _b10 _c20130914 _lUCH01 _h0105 |
||
| 590 |
_aCONVERSION _b10 _c20130109 _lUCH01 _h1357 |
||
| 650 | 4 |
_aTeoría cuántica. _9112307 |
|
| 700 | 1 |
_aPal, Palash B. _984784 |
|
| 901 | _aBK | ||
| 942 | _cLIBRO | ||
| 949 |
_a530.12 L18 2005 _bBC _cLIBRO _d33724002347660 _eLIBRO _gI.c/e _h117430 _i115747 _si _t$438.40 |
||
| 999 |
_c104083 _d104083 |
||